<?xml version="1.0" encoding="UTF-8"?>
<collection xmlns:xsi="http://www.w3.org/2001/XMLSchema-instance" xsi:schemaLocation="http://www.loc.gov/MARC21/slim http://www.loc.gov/standards/marcxml/schema/MARC21slim.xsd" xmlns="http://www.loc.gov/MARC21/slim">
 <record>
  <leader>00000cam a22000004a 4500</leader>
  <controlfield tag="001">UP-1685675941123849929</controlfield>
  <controlfield tag="003">Buklod</controlfield>
  <controlfield tag="005">20100331094310.0</controlfield>
  <controlfield tag="006">aa    rb   |||1 u|</controlfield>
  <controlfield tag="007">ta</controlfield>
  <controlfield tag="008">960612s1996    nyua    rf   |001 0|eng d</controlfield>
  <datafield tag="020" ind1=" " ind2=" ">
   <subfield code="a">0442023375</subfield>
  </datafield>
  <datafield tag="035" ind1=" " ind2=" ">
   <subfield code="a">(iLib)UPTAC-00005106780</subfield>
  </datafield>
  <datafield tag="040" ind1=" " ind2=" ">
   <subfield code="a">DLC</subfield>
   <subfield code="d">UPVTC</subfield>
  </datafield>
  <datafield tag="041" ind1="0" ind2=" ">
   <subfield code="a">eng</subfield>
  </datafield>
  <datafield tag="090" ind1=" " ind2="0">
   <subfield code="a">HD 30.2</subfield>
   <subfield code="b">B98 1996</subfield>
  </datafield>
  <datafield tag="100" ind1="1" ind2=" ">
   <subfield code="a">Bysinger, Bill.</subfield>
  </datafield>
  <datafield tag="245" ind1="1" ind2="0">
   <subfield code="a">Investing in information technology</subfield>
   <subfield code="b">a decision-making guide for business and technology managers</subfield>
   <subfield code="c">Bill Bysinger, Ken Knight.</subfield>
  </datafield>
  <datafield tag="264" ind1=" " ind2="1">
   <subfield code="a">New York</subfield>
   <subfield code="b">Van Nostrand Reinhold</subfield>
   <subfield code="c">c1996.</subfield>
  </datafield>
  <datafield tag="300" ind1=" " ind2=" ">
   <subfield code="a">xviii, 222 p.</subfield>
   <subfield code="b">ill.</subfield>
   <subfield code="c">24 cm.</subfield>
  </datafield>
  <datafield tag="500" ind1=" " ind2=" ">
   <subfield code="a">Includes index.</subfield>
  </datafield>
  <datafield tag="505" ind1="0" ind2=" ">
   <subfield code="a">Table of Contents: Prologue. Surviving the Technology Process Shift -- Prologue. Surviving the Business Process Shift from the Business Manager's Viewpoint / Ken Knight -- Prologue. Surviving the Business Process Shift from the Information System Manager's Viewpoint -- Chapter 1. A Different Agenda: What Does the Business Manager Need to Know? / Ken Knight -- Chapter 2. A Different Agenda: Discovering Customers / Bill Bysinger -- Chapter 3. Folklore and Fairy Tale: The Advantage from Technology/ Ken Knight -- Chapter 4. The On Time Project - It Can Be Done / Bill Bysinger -- Chapter 5. Business Process Analysis - It is Not Black Magic / Ken Knight -- Chapter 6. The Challenge: Communicating in Business Terms / Bill Bysinger -- Chapter 7. How to Implement Technology: Managing for Continual Improvement / Ken Knight -- Chapter 8. MIS Process Methodology: &quot;Intrapreneuring&quot; / Bill Bysinger -- Chapter 9. Technical Value: Measuring Return on Investment / Ken Knight -- Chapter 10. Technology Investment Management: Showing Return / Bill Bysinger -- Chapter 11. Innovation to Leverage Technology / Ken Knight -- Chapter 12. Products and Measurement: The IS Manager and the Art of Selling / Bill Bysinger -- Chapter 13. Creating Heroes: Managing the Technology-Empowered Organization / Ken Knight -- Chapter 14. Creating Heroes: Allies in Business / Bill Bysinger -- Chapter 15. Making It Simple: Integrating Business Management with Technology / Bill Bysinger and Ken Knight -- Index.</subfield>
  </datafield>
  <datafield tag="650" ind1=" " ind2="0">
   <subfield code="a">Information technology</subfield>
   <subfield code="x">Decision making.</subfield>
  </datafield>
  <datafield tag="650" ind1=" " ind2="0">
   <subfield code="a">Capital investments</subfield>
   <subfield code="x">Decision making.</subfield>
  </datafield>
  <datafield tag="700" ind1="1" ind2=" ">
   <subfield code="a">Knight, Kenneth.</subfield>
  </datafield>
  <datafield tag="856" ind1="4" ind2="1">
   <subfield code="3">Table of contents only</subfield>
   <subfield code="u">https://drive.google.com/file/d/1Px48nlPS_crOjwH1I3KPA9C-QcY68wV5/view?usp=drivesdk</subfield>
  </datafield>
  <datafield tag="905" ind1=" " ind2=" ">
   <subfield code="a">FO</subfield>
  </datafield>
  <datafield tag="852" ind1="0" ind2=" ">
   <subfield code="a">UPTAC</subfield>
   <subfield code="b">UPTAC</subfield>
   <subfield code="h">HD 30.2</subfield>
   <subfield code="i">B98 1996</subfield>
  </datafield>
  <datafield tag="942" ind1=" " ind2=" ">
   <subfield code="a">Book</subfield>
  </datafield>
 </record>
</collection>
